<?xml version="1.0" encoding="UTF-8"?>
<record
    xmlns:xsi="http://www.w3.org/2001/XMLSchema-instance"
    xsi:schemaLocation="http://www.loc.gov/MARC21/slim http://www.loc.gov/standards/marcxml/schema/MARC21slim.xsd"
    xmlns="http://www.loc.gov/MARC21/slim">

  <leader>01587pam a2200301 i 4500</leader>
  <controlfield tag="001">9183555</controlfield>
  <controlfield tag="003">CaAEU</controlfield>
  <controlfield tag="005">20250929113007.0</controlfield>
  <controlfield tag="008">191001t20192019maua     b    000 0 eng d</controlfield>
  <datafield tag="015" ind1=" " ind2=" ">
    <subfield code="a">GBB9J5603</subfield>
    <subfield code="2">bnb</subfield>
  </datafield>
  <datafield tag="020" ind1=" " ind2=" ">
    <subfield code="a">9781529391060</subfield>
  </datafield>
  <datafield tag="035" ind1=" " ind2=" ">
    <subfield code="a">on1129695645</subfield>
  </datafield>
  <datafield tag="040" ind1=" " ind2=" ">
    <subfield code="a">UKMGB</subfield>
    <subfield code="b">eng</subfield>
    <subfield code="e">rda</subfield>
    <subfield code="c">UKMGB</subfield>
    <subfield code="d">OCLCO</subfield>
    <subfield code="d">OCLCF</subfield>
    <subfield code="d">UAB</subfield>
    <subfield code="d">AEU</subfield>
  </datafield>
  <datafield tag="041" ind1=" " ind2=" ">
    <subfield code="a">eng</subfield>
  </datafield>
  <datafield tag="050" ind1=" " ind2="4">
    <subfield code="a">HF5385</subfield>
    <subfield code="b">.C657 2019</subfield>
  </datafield>
  <datafield tag="100" ind1=" " ind2=" ">
    <subfield code="a">Connor, Jerry</subfield>
    <subfield code="d">1967-</subfield>
    <subfield code="e">author</subfield>
    <subfield code="9">25963</subfield>
  </datafield>
  <datafield tag="245" ind1="1" ind2="4">
    <subfield code="a">The four greatest coaching conversations</subfield>
    <subfield code="b">: change mindsets, shift attitudes, and achieve extraordinary results</subfield>
    <subfield code="c">/ Jerry Connor and Karim Hirani.</subfield>
  </datafield>
  <datafield tag="246" ind1="3" ind2=" ">
    <subfield code="a">4 greatest coaching conversations</subfield>
  </datafield>
  <datafield tag="260" ind1=" " ind2=" ">
    <subfield code="a">Boston, MA ;</subfield>
    <subfield code="a">London :</subfield>
    <subfield code="b">Nicholas Brealey Publishing,</subfield>
    <subfield code="c">2019.</subfield>
  </datafield>
  <datafield tag="300" ind1=" " ind2=" ">
    <subfield code="a">xiv, 236 pages :</subfield>
    <subfield code="b">illustrations ;</subfield>
    <subfield code="c">20 cm</subfield>
  </datafield>
  <datafield tag="504" ind1=" " ind2=" ">
    <subfield code="a">Includes bibliographical references.</subfield>
  </datafield>
  <datafield tag="520" ind1=" " ind2=" ">
    <subfield code="a">Based on data and insights from over 100k virtual and in-person coaching conversations conducted by the talented coaches of BTS Coach, comes the first book to take BTS Coach's evidence-based coaching process to a mass audience. In a concise, easy-to-understand manner, the book reveals 4 mindsets (Be, Relate, Think, Inspire) that are most critical for individuals to experience deep, meaningful change, along with the process and tools for sparking their own powerful conversations to get the best out of themselves and those around them.</subfield>
  </datafield>
  <datafield tag="650" ind1=" " ind2="0">
    <subfield code="a">Mentoring in business</subfield>
    <subfield code="9">8151</subfield>
  </datafield>
  <datafield tag="650" ind1=" " ind2="0">
    <subfield code="a">Employees</subfield>
    <subfield code="x">Training of</subfield>
    <subfield code="9">23786</subfield>
  </datafield>
  <datafield tag="650" ind1=" " ind2="0">
    <subfield code="a">Communication in management</subfield>
    <subfield code="9">2095</subfield>
  </datafield>
  <datafield tag="700" ind1="1" ind2=" ">
    <subfield code="a">Hirani, Karim,</subfield>
    <subfield code="e">author.</subfield>
  </datafield>
  <datafield tag="942" ind1=" " ind2=" ">
    <subfield code="2">lcc</subfield>
  </datafield>
  <datafield tag="952" ind1=" " ind2=" ">
    <subfield code="0">0</subfield>
    <subfield code="1">0</subfield>
    <subfield code="2">lcc</subfield>
    <subfield code="4">0</subfield>
    <subfield code="7">0</subfield>
    <subfield code="a">TBS</subfield>
    <subfield code="b">TBS</subfield>
    <subfield code="d">2025-09-29</subfield>
    <subfield code="l">1</subfield>
    <subfield code="o">HF5385 CON</subfield>
    <subfield code="p">B07607</subfield>
    <subfield code="r">2025-09-29</subfield>
    <subfield code="s">2025-09-29</subfield>
    <subfield code="t">1</subfield>
    <subfield code="w">2025-09-29</subfield>
    <subfield code="y">1</subfield>
  </datafield>
  <datafield tag="999" ind1=" " ind2=" ">
    <subfield code="c">4982</subfield>
    <subfield code="d">4982</subfield>
  </datafield>
</record>
